000 00437nam a2200169Ia 4500
005 20240823043407.0
008 240823s9999||||xx |||||||||||||| ||und||
041 _aENGLISH
082 _A005.133 P8
100 _aParimala Geetha et al.
245 0 _aFundamentals of Computing and Programming
250 _a1st
260 _c2008
_bVirutcham Publica
500 _aTRANSFERED
650 _aComputing
_bComputer Science
942 _cBK
999 _c210133
_d210133